LEADER 01204nam a2200277 u 4500 001 000000106676 003 CaOOAMICUS 005 20070904144618.0 008 070904s2006 it u000 u ita u 020 $a88-399-2179-6 040 $aPUL$bita$dLDB 100 1 $aManzone, Gianni,$d1951-$0(OLS)http://pul/name/30308 245 13$aIl lavoro tra riconoscimento e mercato :$bper una logica del dono /$cGianni Manzone. 260 $aBrescia :$bQueriniana,$cc2006. 300 $a359 p. ;$c23 cm 490 1 $aIntroduzioni e trattati ;$v29 490 1 $aCathedra 650 4$aLavoro$xAspetti morali e religiosi.$0(OLS)http://pul/subject/1144 830 0$aIntroduzioni e trattati (Queriniana) ;$v29.$0(OLS)http://pul/title/12913 830 0$aCathedra.$0(OLS)http://pul/title/97736 850 $aPUL 852 $aPUL$W1$xSL Religione 3$y85$m261. 85 MANGI 1$j120648$qDDC 21$B119863$CPULBib$Z2$F119863 $H103329 $82 941 1 $a9 996 $6020$a88-399-2179-6$9(OLS)http://pul/number/135428 996 $6245$aIl lavoro tra riconoscimento e mercato :$bper una logica del dono$9(OLS)http://pul/title/134304 996 $6260$aBrescia :$bQueriniana$9(OLS)http://pul/publisher/47906 LEADER 01097nam a2200277 a 4500 001 000000148193 003 CaOOAMICUS 005 20151215135613.0 008 151215s1973 it u000 u ita r 032 $aLibriCat 040 $aPUL$bita 100 1 $aLa Potterie, Ignace de,$cS.I.,$d1914-2003.$0(OLS)http://pul/name/9386 245 10$aGesł veritą :$bstudi di cristologia giovannea /$cI. de la Potterie. 260 $aGenova :$bMarietti,$c1973. 300 $a216 p. ;$c25 cm. 490 1 $aCollana biblica 504 $aBibliografia in nota. 600 04$aIesus Christus$xStoria e critica.$0(OLS)http://pul/subject/27760 830 0$aCollana biblica.$0(OLS)http://pul/title/41836 850 $aPUL 852 $aPUL$W1$xDP1 Fondo Bordoni$y120$m3 D 9$j166244$qFondi$B172029$CPULBib$Z2$F172029 $HBor671 $81 900 $aDe La Potterie, Ignace,$cS.I.$99386 941 1 $a1 996 $6245$aGesł veritą :$bstudi di cristologia giovannea$9(OLS)http://pul/title/186991 996 $6260$aGenova :$bMarietti$9(OLS)http://pul/publisher/48994